000
00202 a2200097 4500
001
34502
100
_a
Till
245
_a
Modern Sea Power
260
_a
London
_b
Brassey's
_c
1987
090
_c
22784
_d
22784
942
_a
NUST-CAE
_c
M
_c
14207
999
_c
269575
_d
269575